| 000 | 00480nam a2200205Ia 4500 | ||
|---|---|---|---|
| 003 | OSt | ||
| 005 | 20260130082514.0 | ||
| 008 | 250729s2001 xx 000 0 und d | ||
| 020 | _a978-1730148095 | ||
| 040 | _cAL | ||
| 041 | _aeng | ||
| 082 | _a910 PRAD | ||
| 100 |
_aPrakash Ved _9228114 |
||
| 245 | _aDreamland's atlas of india | ||
| 260 |
_aNew Delhi _c2001 |
||
| 300 | _a151p | ||
| 650 |
_aGeography _9228115 |
||
| 700 |
_aPro Digumurthi _9228116 |
||
| 942 |
_2ddc _cBED |
||
| 999 |
_c237889 _d237889 |
||